[Event "AUTO-OPEN-2413"]
[Site "http://www.queenalice.com/game.php?id=959765"]
[Date "2011.7.13"]
[Round "1"]
[White "juicymuffins"]
[Black "nuage"]
[Result "0-1"]
[WhiteElo "1100"]
[BlackElo "1560"]

1. c4 e6 2. Qa4 Nf6 3. b3 Nc6 4. Nc3 Nd4 5. e3 Nc2+ 6. Kd1 Nxa1 7. Bd3 Be7 8.
Nf3 Ng4 9. Rf1 O-O 10. Qa5 b6 11. Qb5 c6 12. Qh5 Nf6 13. Ng5 Nxh5 14. Bxh7+ Kh8
15. Nce4 b5 16. Bb2 Qa5 17. Bxa1 Qxa2 18. Bc3 Qxb3+ 19. Ke2 Qxc4+ 20. d3 Qa2+
21. Kf3 Bxg5 22. Nxg5 f6 23. Ra1 Qd5+ 24. Ke2 fxg5 25. Ra5 Kxh7 26. Ra6 Qxg2 27.
Be5 Qxf2+ 28. Kd1 Qg2 29. d4 Rf1# 0-1

[Event "AUTO-OPEN-2413"]
[Site "http://www.queenalice.com/game.php?id=959766"]
[Date "2011.7.13"]
[Round "1"]
[White "nuage"]
[Black "juicymuffins"]
[Result "1-0"]
[WhiteElo "1562"]
[BlackElo "1049"]

1. Nf3 c5 2. g3 Na6 3. Bg2 Qb6 4. b3 Nf6 5. O-O g6 6. Bb2 Nb4 7. d3 Qd6 8. e4 a5
9. e5 Qa6 10. exf6 e6 11. d4 b6 12. Ng5 Bh6 13. f4 Ra7 14. c3 Nd3 15. Qc2 d6 16.
Bc6+ Kd8 17. Nxf7+ Rxf7 18. Na3 Rxf6 19. Nc4 Kc7 20. Be4 Nxb2 21. Nxb2 e5 22.
Nc4 a4 23. dxe5 dxe5 24. Nxe5 Bh3 25. Bd3 Qa5 26. b4 cxb4 27. cxb4+ Kb8 28. bxa5
bxa5 29. Rfb1+ 1-0

[Event "AUTO-OPEN-2413"]
[Site "http://www.queenalice.com/game.php?id=959767"]
[Date "2011.7.13"]
[Round "1"]
[White "juicymuffins"]
[Black "pacou93"]
[Result "0-1"]
[WhiteElo "1100"]
[BlackElo "1818"]

1. b4 Nf6 2. Ba3 g6 3. Nf3 Bg7 4. Nc3 O-O 5. Qb1 Re8 6. g4 Nxg4 7. Ne4 Bxa1 8.
Qxa1 d5 9. Nc5 e5 10. Bh3 Nc6 11. Rg1 b6 12. Na4 Nf6 13. b5 Nd4 14. Qc1 Bxh3 15.
Ng5 Nxb5 16. Bb4 Bd7 17. d3 Nd4 18. Nc3 c5 19. Ba3 e4 20. Qe3 Nxc2+ 21. Kd2 Nxe3
22. h4 Neg4 23. f3 exf3 24. Nxf3 d4 0-1

[Event "AUTO-OPEN-2413"]
[Site "http://www.queenalice.com/game.php?id=959768"]
[Date "2011.7.13"]
[Round "1"]
[White "pacou93"]
[Black "juicymuffins"]
[Result "1-0"]
[WhiteElo "1820"]
[BlackElo "1100"]

1. e4 Nf6 2. e5 c5 3. exf6 gxf6 4. Nc3 Bh6 5. Nf3 Qa5 6. Bc4 e6 7. d3 Bg7 8. O-O
b6 9. Bd2 f5 10. Nd5 exd5 11. Bxa5 bxa5 12. Bxd5 Nc6 13. Bxc6 dxc6 14. Re1+ Kf8
15. Ne5 h5 16. c3 Ba6 17. Nxc6 Rc8 18. Nxa5 Rd8 19. Nc6 Bh6 20. Nxd8 Kg7 21. Nc6
Bf4 22. Nxa7 Bb7 23. Re7 Bd5 24. Qa4 Rh6 25. Qxf4 1-0

[Event "AUTO-OPEN-2413"]
[Site "http://www.queenalice.com/game.php?id=959770"]
[Date "2011.7.13"]
[Round "1"]
[White "Pinehill"]
[Black "juicymuffins"]
[Result "1-0"]
[WhiteElo "2036"]
[BlackElo "1049"]

1. e4 Na6 2. d4 c5 3. Nf3 Qa5+ 4. c3 Nf6 5. Bd3 b6 6. O-O Rb8 7. Be3 Nc7 8. Na3
h5 9. Nc4 Qb5 10. Nd6+ exd6 11. Bxb5 Nxe4 12. Bd3 Nd5 13. Bxe4 Bb7 14. Re1 Rh6
15. Bxh6 gxh6 16. Bxd5+ Kd8 17. Bxf7 1-0

[Event "AUTO-BEG-496"]
[Site "http://www.queenalice.com/game.php?id=963741"]
[Date "2011.7.23"]
[Round "1"]
[White "juicymuffins"]
[Black "ams07"]
[Result "0-1"]
[WhiteElo "1050"]
[BlackElo "1445"]

1. e4 d6 2. Bb5+ c6 3. Bd3 g6 4. Qf3 Bg7 5. Bc4 e6 6. Nh3 b5 7. Bd3 Nf6 8. a4 b4
9. a5 Kf8 10. e5 dxe5 11. Ng5 Na6 12. Ra4 Rb8 13. c3 c5 14. Qh3 Nc7 15. cxb4
cxb4 16. b3 e4 17. Nxe4 Nxe4 0-1

[Event "AUTO-BEG-496"]
[Site "http://www.queenalice.com/game.php?id=963742"]
[Date "2011.7.23"]
[Round "1"]
[White "ams07"]
[Black "juicymuffins"]
[Result "1-0"]
[WhiteElo "1443"]
[BlackElo "1051"]

1. e4 h5 2. g3 Rh6 3. Nc3 Nf6 4. d3 Rg6 5. e5 Ng4 6. f4 d6 7. Nf3 dxe5 8. fxe5
Re6 9. Bh3 f5 10. Bf4 Nc6 11. d4 g5 12. Bxg5 Bg7 13. Qd3 Nxd4 14. Qxd4 1-0